000 00504nab a2200145Ia 4500
003 ES-SlBCS
005 20220512165027.0
008 140529s1961 xxu||||| |||| 00| 0 ita d
041 _aita
100 1 _aStella, Vittorio
_959782
245 0 0 _aL'interpretazione dell'attualismo e la discussione nel Giornale critico fra Gentile e Carlini
_c Vittorio Stella
600 1 _aGentile, Giovanni-Carlini
_9199641
773 0 _tGiornali di Metafisica
_gvol. 16, nº. 1, 1961, págs. 39-52
_w0017-0372
942 _cAR
999 _c586889
_d586889